000 00849nam a2200253Ia 4500
003 OSt
005 20220926005000.0
006 a|||||r|||| 00| 0
007 ta
008 220923b |||||||| |||| 00| 0 eng d
020 _a9781412996877
_c4689.96
037 _b34288, 14/03/2012, Segment Book Distrobutors
_cGeneral Book
040 _aRTL
_cRTL
_beng
041 _2eng
_aeng
082 _aY:(G:5):(R4), Q1/RR
100 _aNewman Julie
_9309582
245 0 _aGreen ethics and philosophy
260 _a New Delhi
_bSage Publication
_c2011
300 _axxvi, 474p.
_ccm.
490 _a(The sage reference series on green society toward a sustainable future
650 _aSociology
942 _hY:(G:5):(R4), Q1/RR
_cGB
_2CC
999 _c612727
_d612727